000 00548nam a22001937a 4500
003 KOHA_MİRAKIL
005 20250417180912.0
008 250417b tu ||||| |||| 00| 0 tur d
020 _a9786057762931
040 _aTR-AnABB
_btur
_cTR-AnABB
041 _atur
082 _a828.3354
_bMIL 2021
100 1 _aMiller, Madeline,
245 1 0 _aAkhilleus'un şarkısı /
_cMadeline Miller
260 _aİstanbul :
_bİthaki Yayınları,
_c2021
300 _a370 sayfa ;
_c21 cm
650 0 4 _aAmerikan edebiyatı, roman
942 _2ddc
_cBK
999 _c8786
_d8786
900 _bGizem YORULMAZ